|
|
|
|
| LEADER |
00000nam0a2200000 4500 |
| 001 |
141642 |
| 005 |
20231031142513.0 |
| 010 |
|
|
|a 5256004476
|
| 020 |
|
|
|a RU
|b 90-60682
|
| 035 |
|
|
|a (RuTPU)RU\TPU\book\153536
|
| 090 |
|
|
|a 141642
|
| 100 |
|
|
|a 20080825d1990 k a0rusy5003 ca
|
| 101 |
0 |
|
|a rus
|
| 102 |
|
|
|a RU
|
| 105 |
|
|
|a a z 001zy
|
| 200 |
1 |
|
|a Методы стохастической геометрии в распознавании образов
|f Н. Г. Федотов
|
| 210 |
|
|
|a Москва
|c Радио и связь
|d 1990
|
| 215 |
|
|
|a 142 с.
|c ил.
|d 22 см
|
| 320 |
|
|
|a Библиогр.: с. 139-141. (60 назв.)
|
| 330 |
|
|
|a В книге показано, что аппарат стохастической геометрии может быть применен для описания формы распознаваемых объектов, а полученные на его основе алгоритмы могут использоваться для построения сканирующих систем со случайными параметрами, структура которых получается при этом несложной. Простота, высокое быстродействие и экономичность обусловлены тем, что распознавание в таких устройствах частично совмещается с процессом сканирования. Эта идея проиллюстрирована примерами устройств, разработанных автором, многие из которых являются оригинальными и защищены авторскими свидетельствами.
|
| 610 |
1 |
|
|a стохастическая геометрия
|
| 610 |
1 |
|
|a распознавание образов
|
| 610 |
1 |
|
|a статистическая механика
|
| 610 |
1 |
|
|a статистическая теория
|
| 675 |
|
|
|a 681.327.12
|z rus
|
| 700 |
|
1 |
|a Федотов
|b Н. Г.
|g Николай Гаврилович
|4 070
|
| 801 |
|
0 |
|a RU
|b RuMRKP
|c 19950417
|g psbo
|
| 801 |
|
1 |
|a RU
|b 63413507
|c 20080825
|g PSBO
|
| 801 |
|
2 |
|a RU
|b 63413507
|c 20160831
|g PSBO
|
| 942 |
|
|
|c BK
|